00342nam a2200133Ia 4500008004100000020001500041041001200056082001600068100001600084245005500100260002500155300001000180650001800190221030s9999 xx 000 0 und d a0070583552 aEnglish a105.23bCha aS. N. Chary 0aProduction & Operations Managementcby S. N. Chary bTMHaNew Delhic2004 a36.10 aBE Management